LEADER 01226naa a2200289 u 4500 001 000000093895 003 CaOOAMICUS 005 20070226130136.0 008 010720m19801981fr u000 u fre u 035 $a10897955 040 $aPUL(R)$bita 100 1 $aFischer-Reichenbach, Henri-Béat de,$d1901-$0(OLS)http://pul/name/60386 245 12$aL'Ordre Souverain de Malte /$cpar Béat de Fischer. 260 $a[S. l. :$bs. n.],$c1980-1981. 300 $aP. [1-47] 504 $aBibliografia in nota. 610 24$aCavalieri di Malta.$0(OLS)http://pul/subject/39371 650 4$aDiritto internazionale.$0(OLS)http://pul/subject/2505 773 0 $tRecueil des cours$gv.II (1979) 773 0 $tRecueil des cours 1979 : collected courses of The Hague Academy of International Law$w()60371 960 $aSovrano militare ordine di Malta$939371 960 $aSovrano militare Ordine ospedaliero di San Giovanni di Gerusalemme di Rodi e di Malta $939371 960 $aOrdine dei Cavalieri di S. Giovani di Gerusalemme$939371 960 $aO.S.J.$939371 960 $aOrdine di Malta$939371 996 $6245$aL'Ordre Souverain de Malte$9(OLS)http://pul/title/120749 996 $6260$a[S. l. :$bs. n.]$9(OLS)http://pul/publisher/47882 LEADER 01276nam a2200265 a 4500 001 000000151571 003 CaOOAMICUS 005 20160506112750.0 008 160506s2016 it rm 000 0 eng r 032 $aLibriCat 040 $aPUL$bita 100 1 $aJoby, John.$0(OLS)http://pul/name/96461 245 10$aFree will and responsibility:$ban enquiry into the neuroscientific threat to freesponsibility with special reference to Walter Glannon /$cJoby John. 260 $aRomae :$b[s.n.],$c2016. 300 $a176 p.$c24 cm 502 $aEstratto da Tesi di Dottorato in Filosofia--Pontificia Universitas Lateranensis, 2016. 504 $aBibliografia: p.[143]-173. 650 4$aLibero arbitrio e determinismo.$0(OLS)http://pul/subject/10589 710 2 $aPontificia Università Lateranense$bFacoltà di filosofia$kTesi.$0(OLS)http://pul/name/81773 850 $aPUL 852 $aPUL$W1$xDP1 Tesi Pon Univ. Lateranense$y41$m2016 A 3$j174202$qTesi$B176715$CPULBib$Z2$F176715 $82 941 1 $a16 996 $6245$aFree will and responsibility:$ban enquiry into the neuroscientific threat to freesponsibility with special reference to Walter Glannon$9(OLS)http://pul/title/190845 996 $6260$aRomae :$b[s.n.]$9(OLS)http://pul/publisher/48223